Combustion analysis and fuel efficiency (Record no. 355752)
[ view plain ]
| 000 -LEADER | |
|---|---|
| fixed length control field | 00566nam a22001457a 4500 |
| 008 - FIXED-LENGTH DATA ELEMENTS--GENERAL INFORMATION | |
| fixed length control field | 151214b xxu||||| |||| 00| 0 eng d |
| 020 ## - INTERNATIONAL STANDARD BOOK NUMBER | |
| International Standard Book Number | 651881100220 |
| 082 ## - DEWEY DECIMAL CLASSIFICATION NUMBER | |
| Edition number | 23 |
| Classification number | 541.361 |
| Author Mark | RAS-C 2007 |
| 245 ## - TITLE STATEMENT | |
| Title | Combustion analysis and fuel efficiency |
| Statement of responsibility, etc. | Erik Rasmussen |
| Medium | English |
| 260 ## - PUBLICATION, DISTRIBUTION, ETC. | |
| Place of publication, distribution, etc. | Chicago |
| Name of publisher, distributor, etc. | Esco press |
| Date of publication, distribution, etc. | 2007 |
| 300 ## - PHYSICAL DESCRIPTION | |
| Extent | ii, p. 131 |
| Other physical details | ill, 26 cm. |
| Dimensions | 26 cm. |
| 440 ## - SERIES STATEMENT/ADDED ENTRY--TITLE | |
| Title | Going green book series |
| Number of part/section of a work | Green mechanical council |
| Name of part/section of a work | CAS-ECOSA carbon monoxide safety assocition |
| 650 ## - SUBJECT ADDED ENTRY--TOPICAL TERM | |
| Source of heading or term | OCLC |
| Topical term or geographic name entry element | Furnaces -- Combustion. Furnaces -- Energy consumption. |
| 942 ## - ADDED ENTRY ELEMENTS (KOHA) | |
| Source of classification or shelving scheme | |
| Koha item type | Book |
| Withdrawn status | Lost status | Source of classification or shelving scheme | Damaged status | Not for loan | Collection code | Permanent Location | Current Location | Shelving location | Date acquired | Source of acquisition | Cost, normal purchase price | Total Checkouts | Full call number | Barcode | Date last seen | Price effective from | Koha item type | Copy number |
|---|---|---|---|---|---|---|---|---|---|---|---|---|---|---|---|---|---|---|
| US-Pakistan Center for Advanced Studies in Energy (USPCAS-E) | US-Pakistan Center for Advanced Studies in Energy (USPCAS-E) | 12/14/2015 | Progressive | 3800.00 | 541.361 RAS-C 2007 | CAS-E0000896 | 12/14/2015 | 12/14/2015 | Book | |||||||||
| US-Pakistan Center for Advanced Studies in Energy (USPCAS-E) | US-Pakistan Center for Advanced Studies in Energy (USPCAS-E) | 12/14/2015 | Progressive | 3800.00 | 541.361 RAS-C 2007 | CAS-E0000897 | 12/14/2015 | 12/14/2015 | Book | 2 |
